HEART FAILURE: A COMPANION TO BRAUWALD'S (Record no. 21786)

MARC details
000 -LEADER
fixed length control field 00356nam a22001577a 4500
003 - CONTROL NUMBER IDENTIFIER
control field SGT
020 ## - INTERNATIONAL STANDARD BOOK NUMBER
International Standard Book Number 9788131243725
082 ## - DEWEY DECIMAL CLASSIFICATION NUMBER
Classification number 616.129
Item number H16M
100 ## - MAIN ENTRY--PERSONAL NAME
Personal name MANN, DOUGLAS L.
245 ## - TITLE STATEMENT
Title HEART FAILURE: A COMPANION TO BRAUWALD'S
250 ## - EDITION STATEMENT
Edition statement 3RD
260 ## - PUBLICATION, DISTRIBUTION, ETC. (IMPRINT)
Place of publication, distribution, etc INDIA
Name of publisher, distributor, etc ELSEVIER PUB
Year of Publication 2016
300 ## - PAGE DESCRIPTION
No. of Pages 762
650 ## - SUBJECT ADDED ENTRY--TOPICAL TERM
Topical term or geographic name as entry element CARDIOLOGY
942 ## - ADDED ENTRY ELEMENTS (KOHA)
Source of classification or shelving scheme Dewey Decimal Classification
Koha item type Books
Holdings
Withdrawn status Lost status Source of classification or shelving scheme Damaged status Not for loan Collection code Home library Current library Shelving location Date acquired SGTU Total Checkouts Full call number Accession No. (Barcode) Date last seen Bill Date Koha item type
    Dewey Decimal Classification   Not For Loan MEDICAL SGT Medical Library SGT Medical Library Reference Book 03/09/2021 SGTU   616.129 H16M FM12551 03/09/2021 03/09/2021 Books